000 00512nam a2200181Ia 4500
001 8958
005 20260306160648.0
008 260306t2013||||xx |||||||||||||| ||spa||
041 _aESP
082 _a372.1
_bE328 T. 4
100 _aDeulofeu, Montserrat ...[et. al.]
_eAUT
245 0 _aEducación emocional en la escuela:
_bactividades para el aula, dirigidas a niños de 10 a 11 años
260 _c2013
300 _a198 páginas :
_c21 cm.
650 _aGEN
654 _aCED
942 _cLIB
_dJUS
_fJUS
_2ddc
_n
999 _c8958
_d8958